Cracking of High Molecular Hydrocarbons by Photo Nanocatalysis / (Record no. 534255)

000 -LEADER
fixed length control field 00532nam a22001577a 4500
020 ## - INTERNATIONAL STANDARD BOOK NUMBER
Qualifying information Hard Cover.
082 ## - DEWEY DECIMAL CLASSIFICATION NUMBER
Classification number 620.11
100 ## - MAIN ENTRY--PERSONAL NAME
Personal name Muhammad Fahad Aziz
245 ## - TITLE STATEMENT
Title Cracking of High Molecular Hydrocarbons by Photo Nanocatalysis /
Statement of responsibility, etc. Muhammad Fahad Aziz Chishti.
260 ## - PUBLICATION, DISTRIBUTION, ETC.
Place of publication, distribution, etc. Islamabad:
Name of publisher, distributor, etc. SCME - NUST,
Date of publication, distribution, etc. 2014.
300 ## - PHYSICAL DESCRIPTION
Extent 72 p. :
Other physical details ill. ;
Dimensions 30cm.
942 ## - ADDED ENTRY ELEMENTS (KOHA)
Source of classification or shelving scheme
Koha item type Thesis
650 ## - SUBJECT ADDED ENTRY--TOPICAL TERM
Topical term or geographic name entry element Energatic Materials Engineering MS-Thesis.
700 ## - ADDED ENTRY--PERSONAL NAME
Personal name Dr. Habib Nasir
650 ## - SUBJECT ADDED ENTRY--TOPICAL TERM
-- 28343
700 ## - ADDED ENTRY--PERSONAL NAME
-- 16070
Holdings
Withdrawn status Lost status Source of classification or shelving scheme Damaged status Not for loan Permanent Location Current Location Shelving location Date acquired Total Checkouts Full call number Barcode Date last seen Price effective from Koha item type
          Central Library (CL) Central Library (CL) Thesis 02/10/2020   620.11 CL-T-4981 02/10/2020 02/10/2020 Thesis
          Central Library (CL) Central Library (CL) Thesis 03/02/2020   620.11 CL-T-5300 03/02/2020 03/02/2020 Thesis
© 2023 Central Library, National University of Sciences and Technology. All Rights Reserved.